MARC
| LEADER | 00000 a a2200000 04500 | ||
|---|---|---|---|
| 001 | 23069 | ||
| 003 | |||
| 040 | |||
| 090 | |a 159100 | ||
| 100 | |a Correa, Carlos María | ||
| 110 | |a INTAL | ||
| 245 | |a Regulación de la inversión extranjera en América Latina y el Caribe / |c INTAL | ||
| 260 | |a Buenos Aires: |b INTAL | ||
| 300 | |a 130 p |b **no definido** | ||
| 700 | |a Cherol, Rachelle |a Zalduendo, Susana C. de | ||
| 710 | |a BID | ||
| 999 | |c 8257 |d 8257 | ||
